000 01286cam a2200217 4500500
005 20260322004355.0
041 _afre
042 _adc
100 1 0 _aSchindelholz, Pascal
_eauthor
245 0 0 _aL’infirmier référent en psychiatrie : le don du sens
260 _c2015.
500 _a69
520 _aIssu de la psychothérapie Institutionnelle, le concept d’infirmier réfécent vise à faire du patient un co-acteur du soin. L’infirmier référent est un repère pour le malade aliéné par sa pathologie, et un interlocuteur pour la famille et l’encourage.
520 _aAccording to french psychoanalytic thérapeutic community mouvement called institutional psychotherapy, the concept of referent nurse aims to involve the patient in his care as a partner of his treatment. The réfèrent nurse acts as a landmark for the patient while he is alienated by his pathology. He is a interlocutor for the patient’s entourage and for his family.
690 _aActeur du soin
690 _aPsychodithérapie institutionnelle
690 _acare actor
690 _aInstitutional psychoterapy
786 0 _nPsy Cause | 70 | 3 | 2015-01-22 | p. 39-40 | 1245-2394
856 4 1 _uhttps://shs.cairn.info/revue-psy-cause-2015-3-page-39?lang=fr&redirect-ssocas=7080
999 _c1739809
_d1739809